Dioceses of the Later Roman Empire with a Map - Statistics

General Stats
  • This quiz has been taken 3,828 times
  • The average score is 12 of 15
Answers on the Map
Answers color-coded by a green-red scale on the quiz's map according to % correct below.
 
Answer Stats
Answer % Correct
Britains
92%
Egypt
92%
Hispania
92%
Africa
91%
Italia Annonaria
90%
Gaul
82%
Asia
79%
Macedonia
79%
Italia Suburbicaria
78%
East
69%
Illyricum
69%
Thrace
69%
Dacia
62%
Seven Provinces
58%
Pontus
55%
No matching quizzes found
Score Distribution
Percent of People with Each Score
Percentile by Number Answered
Your Score History
You have not taken this quiz